000 00921nam a22002777a 4500
003 OSt
005 20250522115156.0
008 200217t2012 sp ||||gr|||| 00| fdspa d
020 _a9788493924249
040 _aCO-JMCR
_cCO-JMCR
041 1 _aspa
_heng
082 0 4 _aJ-N
_bHATs
100 1 _aHarhaway, Jill,
_eautor
_9656
245 1 0 _aSilvia :
_b(Slide) /
_cJill Hathaway ; traducción de, Luis Noriega
250 _a1a. edición
260 _aBarcelona :
_bB de Blok,
_c©2012
300 _a290 páginas ;
_c21 cm.
500 _aDatos biográficos del autor en solapa frontal.
500 _aTitulo original: Slide.
520 _aSylvia Bell está segura de una cosa: Sophie, la amiga de su hermana, no se suicidó. fue asesinada.
546 1 _aTraducida del inglés.
650 1 4 _aNovela
_xmisterio
_9657
650 1 4 _aNovela
_xasesinato
_9658
700 _aNoriega, Luis,
_etraductor
_9659
942 _2ddc
_cBK
999 _c6535
_d6535